AMPRN Track Speeds: Outer Harbor (Down) - Statistics

General Stats
  • This quiz has been taken 38 times
  • The average score is 28 of 29
Answer Stats
Approx. Location/Clue Posted Speed % Correct
ARS (Platforms) 15
100%
ARS (Yard) 35
100%
Alberton Platform Clearance 40
100%
ARS (Port Main) 70
100%
Kilkenny Rd. / David Terrace 80
100%
Torrens Bridge (PM) 90
100%
Woodville Rd. (AE) 90
100%
Alberton (YE) 90
100%
Grange (Until Buffer) 10
96%
Port Dock / Rail Museum 15
96%
Woodville Rd. Points (Unsigned) 35
96%
Woodville Platform 1 (YE, Resigned) 35
96%
Port Dock Spur 35
96%
Port Rd. Crossing (YE) 40
96%
Port Adelaide Viaduct 40
96%
Port River Bridge 40
96%
Ethelton (YE) 50
96%
North Haven (YE) 50
96%
Through Golf Course (AE) 55
96%
Semaphore Rd. Crossing 65
96%
Taperoo (AE) 65
96%
Osborne (YE) 65
96%
Before Viaduct 70
96%
Near West Lakes Blvd. 80
96%
Grand Jct. Rd. Bridge 80
96%
Draper (YE) 80
96%
Taperoo (YE) 80
96%
Port Adelaide (YE) 90
96%
Frederick Rd. Crossing 80
92%
No matching quizzes found
Score Distribution
Percent of People with Each Score
Percentile by Number Answered
Your Score History
You have not taken this quiz